[Event "World Blitz Women 2025"]
[Site "Doha QAT"]
[Date "2025.12.29"]
[Round "2.15"]
[White "Salimova, Nurgyul"]
[Black "Nguyen Hong Anh"]
[Result "1-0"]
[WhiteTitle "IM"]
[BlackTitle "WIM"]
[WhiteElo "2396"]
[BlackElo "2010"]
[WhiteFideId "2915138"]
[BlackFideId "12406732"]
[EventDate "2025.12.29"]

1. d4 Nf6 2. Nf3 g6 3. g3 Bg7 4. Bg2 O-O 5. O-O d5 6. c3 b6 7. Nbd2 Bb7 8. Re1
Nbd7 9. a4 Re8 10. a5 Ne4 11. a6 Bc6 12. Nxe4 dxe4 13. Nd2 Nf6 14. Qc2 e5 15.
dxe5 Rxe5 16. Nc4 Rc5 17. b3 Nd5 18. Bb2 Nf6 19. Red1 Qe8 20. Ne3 Nd5 21. Nxd5
Rxd5 22. Rxd5 Bxd5 23. c4 Bc6 24. Bxg7 Kxg7 25. Rd1 Qe5 26. Qd2 Re8 27. b4 Ba4
28. Rc1 b5 29. cxb5 Bxb5 30. Qe3 c6 31. Qxa7 Bxe2 32. Qb6 Qb2 33. Re1 Qd2 34.
Ra1 Qb2 35. Qa5 Re5 36. Qa3 Qxa3 37. Rxa3 Re8 38. Bxe4 Bxa6 39. Bxc6 Re1+ 40.
Kg2 Bf1+ 41. Kf3 Rb1 42. Bd5 Rxb4 1-0

[Event "World Blitz Women 2025"]
[Site "Doha QAT"]
[Date "2025.12.29"]
[Round "2.16"]
[White "Shukhman, Anna"]
[Black "Vantika, Agrawal"]
[Result "1-0"]
[WhiteTitle "WGM"]
[BlackTitle "IM"]
[WhiteElo "2431"]
[BlackElo "2369"]
[WhiteFideId "54180058"]
[BlackFideId "25050389"]
[EventDate "2025.12.29"]

1. e4 c5 2. Nf3 d6 3. d4 cxd4 4. Nxd4 Nf6 5. Nc3 a6 6. Nb3 g6 7. Be3 Bg7 8. f3
b5 9. e5 dxe5 10. Qxd8+ Kxd8 11. a4 b4 12. O-O-O+ Kc7 13. Ne4 Nxe4 14. fxe4 Nd7
15. Bc4 e6 16. Rhf1 f5 17. Bxe6 f4 18. Bg1 Nf6 19. Bc4 Bg4 20. Rde1 Rhd8 21. a5
g5 22. Bb6+ Kc6 23. h3 Bh5 24. Bxd8 Rxd8 25. Bxa6 Bg6 26. Bd3 h5 27. Rd1 Ra8 28.
Rfe1 g4 29. hxg4 hxg4 30. a6 g3 31. Na5+ Kc7 32. Kb1 Ng4 33. Bb5 Kb6 34. Rd6+
Kxb5 35. Rxg6 Kxa5 36. Rxg4 Bf6 37. Rg6 Rxa6 38. Rd1 Kb5 39. Rd5+ Kc4 40. b3+
Kc3 41. Rd3# 1-0

[Event "World Blitz Women 2025"]
[Site "Doha QAT"]
[Date "2025.12.29"]
[Round "2.17"]
[White "Mungunzul, Bat-Erdene"]
[Black "Pham, Le Thao Nguyen"]
[Result "1-0"]
[WhiteTitle "WIM"]
[BlackTitle "IM"]
[WhiteElo "2350"]
[BlackElo "2348"]
[WhiteFideId "4902831"]
[BlackFideId "12401226"]
[EventDate "2025.12.29"]

1. d4 Nf6 2. c4 c6 3. Nc3 d5 4. Nf3 a6 5. c5 g6 6. Bf4 Bg7 7. h3 O-O 8. e3 Nbd7
9. Be2 Re8 10. b4 Nf8 11. O-O N6d7 12. Bg5 Qc7 13. a4 e5 14. Qd2 Ne6 15. Bh4 e4
16. Bg3 Qd8 17. Ne1 f5 18. f4 exf3 19. Nxf3 Nf6 20. b5 Bd7 21. Ne5 Ng5 22. Bh4
Nfe4 23. Bxg5 Nxg5 24. Nxd7 Qxd7 25. bxa6 bxa6 26. Rab1 a5 27. Rb6 Re6 28. Rfb1
Qe8 29. Kf2 Rc8 30. h4 Nf7 31. Ba6 Rd8 32. Be2 Bh6 33. Nd1 Nh8 34. g3 Nf7 35.
Rb7 Kg7 36. R1b6 Rd7 37. Rb8 Qe7 38. Ra8 Rd8 39. Rxd8 Qxd8 40. Qxa5 Qe7 41. Qd2
g5 42. h5 g4 43. Bd3 Ng5 44. Qb2 Nh3+ 45. Kg2 Qf6 46. Rb7+ Re7 47. Rxe7+ Qxe7
48. Qe2 Ng5 49. Bxf5 Nf3 50. Bxg4 Ng5 51. a5 Qe4+ 52. Bf3 Qf5 53. g4 Qf7 54. a6
Ne6 55. Qa2 Qa7 56. Be2 Bg5 57. Qb2 Nd8 1-0

[Event "World Blitz Women 2025"]
[Site "Doha QAT"]
[Date "2025.12.29"]
[Round "2.18"]
[White "Nurman, Alua"]
[Black "Yakimova, Mariya"]
[Result "1/2-1/2"]
[WhiteTitle "WGM"]
[BlackTitle "WFM"]
[WhiteElo "2367"]
[BlackElo "2241"]
[WhiteFideId "13729390"]
[BlackFideId "34188859"]
[EventDate "2025.12.29"]

1. e4 c5 2. Nf3 d6 3. d4 cxd4 4. Nxd4 Nf6 5. Nc3 Nc6 6. Bg5 Bd7 7. Bb5 a6 8.
Bxc6 bxc6 9. Qd3 e5 10. Nb3 h6 11. Bh4 g5 12. Bg3 Be7 13. O-O-O Be6 14. h4 g4
15. h5 Qb6 16. f4 gxf3 17. gxf3 a5 18. Nd2 Qd4 19. Qe2 a4 20. a3 Qb6 21. Nc4
Bxc4 22. Qxc4 Rg8 23. Bf2 Qa6 24. Qxa6 Rxa6 25. Be3 Bf8 26. Na2 Kd7 27. Nb4 Ra8
28. Nd3 Ke6 29. Rde1 Rg3 30. f4 Nxe4 31. fxe5 d5 32. Bf4 Rg4 33. Reg1 Kf5 34.
Rxg4 Kxg4 35. Be3 c5 36. Rf1 Kxh5 37. Rxf7 Kg4 38. e6 Re8 39. Ne5+ Kh5 40. Nd7
Bd6 41. Nf6+ Nxf6 42. Rxf6 d4 43. Rxh6+ Kg4 44. Bd2 Rf8 45. Rh1 Re8 46. Re1 Kf5
47. c3 dxc3 48. Bxc3 Rxe6 49. Rxe6 Kxe6 1/2-1/2

[Event "World Blitz Women 2025"]
[Site "Doha QAT"]
[Date "2025.12.29"]
[Round "2.19"]
[White "Nomin-Erdene, Davaademberel"]
[Black "Injac, Teodora"]
[Result "1/2-1/2"]
[WhiteTitle "IM"]
[BlackTitle "IM"]
[WhiteElo "2312"]
[BlackElo "2421"]
[WhiteFideId "4900782"]
[BlackFideId "932400"]
[EventDate "2025.12.29"]

1. e4 e5 2. Nf3 Nc6 3. Bc4 Bc5 4. c3 Nf6 5. d4 exd4 6. e5 d5 7. Bb5 Ne4 8. cxd4
Bb6 9. Nc3 O-O 10. Be3 Bg4 11. Qc2 Nxc3 12. Bxc6 Bxf3 13. gxf3 Nxa2 14. Rxa2
bxc6 15. Qxc6 f6 16. f4 Kh8 17. Rg1 fxe5 18. fxe5 Qh4 19. Qxd5 Rad8 20. Qg2 Rg8
21. Qg4 Qe7 22. Ra4 c5 23. dxc5 Bxc5 24. Re4 Bxe3 25. Rxe3 Rd5 26. Qg5 Qb4+ 27.
Kf1 Rd1+ 28. Kg2 Qb7+ 29. Kh3 Rxg1 30. Qxg1 Qxb2 31. e6 Qf6 32. Qg4 Re8 33. Qf3
Qxf3+ 34. Rxf3 Kg8 35. Rf7 Rxe6 36. Rxa7 h6 37. Kg3 Re4 38. f3 Rc4 39. Rb7 Kh7
40. Ra7 1/2-1/2

[Event "World Blitz Women 2025"]
[Site "Doha QAT"]
[Date "2025.12.29"]
[Round "2.20"]
[White "Maltsevskaya, Aleksandra"]
[Black "Tarasenka, Aliaksandra"]
[Result "0-1"]
[WhiteTitle "IM"]
[BlackTitle "WIM"]
[WhiteElo "2398"]
[BlackElo "2266"]
[WhiteFideId "24174041"]
[BlackFideId "13514288"]
[EventDate "2025.12.29"]

1. Nf3 d5 2. g3 Nc6 3. Bg2 e5 4. d3 Be6 5. Nbd2 Qd7 6. e4 Nf6 7. O-O O-O-O 8. b4
Bxb4 9. Rb1 Bc5 10. Nb3 Bb6 11. exd5 Bxd5 12. c4 Bxc4 13. Be3 Bxd3 14. Nc5 Bxc5
15. Bxc5 Bxb1 16. Qxb1 e4 17. Ng5 Qd5 18. Rc1 Qxg5 19. Be3 Qd5 20. Bh3+ Kb8 21.
Bf1 b6 22. Bc4 Qd6 23. Bf4 Ne5 24. a4 g5 25. Bxe5 Qxe5 26. a5 Qxa5 27. Qb2 Nd5
28. Qe5 Rhe8 29. Qxg5 e3 30. fxe3 Qd2 31. Rf1 Qxe3+ 0-1

[Event "World Blitz Women 2025"]
[Site "Doha QAT"]
[Date "2025.12.29"]
[Round "2.21"]
[White "Savitha, Shri B"]
[Black "Gunina, Valentina"]
[Result "1-0"]
[WhiteTitle "IM"]
[BlackTitle "GM"]
[WhiteElo "2334"]
[BlackElo "2393"]
[WhiteFideId "35061887"]
[BlackFideId "4167570"]
[EventDate "2025.12.29"]

1. e4 c5 2. Nf3 Nc6 3. d4 cxd4 4. Nxd4 e5 5. Nb5 d6 6. c4 g6 7. N1c3 a6 8. Na3
Bg7 9. Be2 Nf6 10. O-O O-O 11. Nc2 Be6 12. b3 Rc8 13. Ba3 Nd4 14. Rc1 b5 15. Ne3
Qa5 16. Bxd6 Rfd8 17. c5 Bf8 18. Bxe5 Nf3+ 19. Bxf3 Rxd1 20. Rfxd1 Nd7 21. Bd4
Bxc5 22. Ncd5 Bxd5 23. Nxd5 Bxd4 24. Rxc8+ Kg7 25. h3 Be5 26. Rc2 Nf8 27. Ne7
Ne6 28. Nc6 Qc7 29. Bg4 Ng5 30. Rd7 Qa5 31. Nxe5 Qe1+ 32. Kh2 Qxe4 33. Re2 Qb4
34. h4 Kh6 35. hxg5+ Kxg5 36. Rxf7 h5 37. Bh3 Qd6 38. Re3 Kh6 39. f4 g5 40.
fxg5+ Kxg5 41. Rg3+ 1-0

[Event "World Blitz Women 2025"]
[Site "Doha QAT"]
[Date "2025.12.29"]
[Round "2.22"]
[White "Yip, Carissa"]
[Black "Tokhirjonova, Gulrukhbegim"]
[Result "1-0"]
[WhiteTitle "IM"]
[BlackTitle "IM"]
[WhiteElo "2459"]
[BlackElo "2372"]
[WhiteFideId "2090732"]
[BlackFideId "14203626"]
[EventDate "2025.12.29"]

1. e4 e5 2. Nf3 Nc6 3. Bc4 Bc5 4. c3 Nf6 5. d3 d6 6. Bg5 h6 7. Bh4 a6 8. a4 Ba7
9. O-O O-O 10. Nbd2 g5 11. Bg3 Kg7 12. Re1 g4 13. Nh4 Nh5 14. Nf1 Qg5 15. Ne3
Bxe3 16. Rxe3 Nf4 17. d4 Ng6 18. Nxg6 fxg6 19. dxe5 dxe5 20. Rd3 h5 21. Qd2 Qxd2
22. Rxd2 g5 23. Bd5 Kf6 24. f3 gxf3 25. Rf1 Bg4 26. h3 Bd7 27. Rxf3+ Ke7 28. Bf2
Rxf3 29. Bc5+ Kf6 30. gxf3 Bxh3 31. Rh2 g4 32. fxg4 Bxg4 33. Rf2+ Kg6 34. Rf7
Rc8 35. b4 Nd8 36. Rf8 b6 37. Be7 Nc6 38. Rxc8 Nxe7 39. Rxc7 Nxd5 40. exd5 Kf6
41. Rc6+ Ke7 42. Rxb6 e4 43. Kf2 h4 44. Rxa6 h3 45. Rh6 1-0

[Event "World Blitz Women 2025"]
[Site "Doha QAT"]
[Date "2025.12.29"]
[Round "2.23"]
[White "Zhurova, Anna"]
[Black "Munkhzul, Turmunkh"]
[Result "1-0"]
[WhiteTitle "WFM"]
[BlackTitle "WGM"]
[WhiteElo "2299"]
[BlackElo "2271"]
[WhiteFideId "54113075"]
[BlackFideId "4901878"]
[EventDate "2025.12.29"]

1. e4 c5 2. Nf3 d6 3. d4 cxd4 4. Nxd4 Nf6 5. Nc3 a6 6. Bc4 e6 7. Be3 Be7 8. Bb3
Qc7 9. Qe2 b5 10. a3 Nc6 11. Nxc6 Qxc6 12. O-O-O O-O 13. h4 Nxe4 14. Nd5 Bd8 15.
Qf3 f5 16. Nf4 d5 17. Nxd5 Kh8 18. Nc3 Bb7 19. Nxe4 Qxe4 20. Qxe4 Bxe4 21. f3
Bb7 22. Bg5 Bxg5+ 23. hxg5 e5 24. g6 h6 25. Rd7 1-0

[Event "World Blitz Women 2025"]
[Site "Doha QAT"]
[Date "2025.12.29"]
[Round "2.24"]
[White "Kirtadze, Anastasia"]
[Black "Francisco Guecamburu, Candela Be"]
[Result "0-1"]
[WhiteTitle "WIM"]
[BlackTitle "WGM"]
[WhiteElo "2281"]
[BlackElo "2238"]
[WhiteFideId "13622714"]
[BlackFideId "160911"]
[EventDate "2025.12.29"]

1. e4 e5 2. Nf3 Nc6 3. Bb5 g6 4. c3 Bg7 5. d4 exd4 6. cxd4 a6 7. Ba4 b5 8. Bb3
d6 9. h3 Nge7 10. O-O O-O 11. Nc3 Na5 12. Bc2 c5 13. Rb1 cxd4 14. Nxd4 Bb7 15.
Bf4 Rc8 16. Nb3 Nc4 17. Nd2 Nxb2 18. Rxb2 Bxc3 19. Rb3 Be5 20. Bh6 Bg7 21. Bg5
h6 22. Bh4 Qc7 23. Bb1 Nc6 24. f4 Na5 25. Rd3 Nc4 26. Nxc4 Qxc4 27. Rxd6 Bxe4
28. Bxe4 Qxe4 29. f5 Qxh4 30. f6 Bh8 31. Qd5 Qg5 32. Qd3 Rc1 33. Rxc1 Qxc1+ 0-1

[Event "World Blitz Women 2025"]
[Site "Doha QAT"]
[Date "2025.12.29"]
[Round "2.25"]
[White "Ismayil, Malak"]
[Black "Bayasgalan, Khishigbaatar"]
[Result "1-0"]
[WhiteTitle "WIM"]
[BlackTitle "WCM"]
[WhiteElo "2138"]
[BlackElo "2249"]
[WhiteFideId "13412604"]
[BlackFideId "4904311"]
[EventDate "2025.12.29"]

1. e4 c5 2. Nf3 d6 3. Bb5+ Bd7 4. Bxd7+ Qxd7 5. c4 Nc6 6. d4 cxd4 7. Nxd4 Nf6 8.
Nc3 Rc8 9. b3 g6 10. f3 Bg7 11. Be3 O-O 12. O-O Ne5 13. Qd2 a6 14. a4 Qd8 15.
Nc2 Nfd7 16. Rfd1 Nc5 17. Bxc5 Rxc5 18. Rac1 Rc8 19. Kh1 h5 20. Nd5 h4 21. h3
Nd7 22. Qg5 e6 23. Qxd8 Rcxd8 24. Nde3 Nc5 25. Rb1 f5 26. exf5 gxf5 27. Nd4 Kf7
28. Kg1 Bh6 29. Kf2 Rg8 30. Nec2 Bf4 31. Ne2 Be5 32. Nb4 Rg6 33. Nd3 Nxd3+ 34.
Rxd3 Rdg8 35. Rg1 Bh2 36. Rf1 Rxg2+ 37. Ke3 Be5 38. f4 Bf6 39. Rxd6 Rh2 40. Rf3
Rgg2 41. Nc1 Be7 42. Rd7 Ke8 43. Rd1 Bc5+ 44. Kd3 Rg3 45. Rf1 Rhxh3 46. Ke2 Rh2+
47. Kd3 Rgg2 48. Rd1 h3 49. b4 Bxb4 50. Nb3 Ra2 51. Kd4 Ke7 52. c5 Rac2 53. Re3
Rce2 54. Rdd3 Rxe3 55. Rxe3 Kf6 56. Kc4 Ba3 57. Nd4 Bc1 58. Rxe6+ Kf7 59. Rb6
Bxf4 60. Rxb7+ Kg6 61. c6 Rh1 62. Ne2 h2 63. Nxf4+ Kg5 64. Ne6+ Kf6 65. Rh7 Rc1+
66. Kd5 h1=Q+ 67. Rxh1 Rxh1 68. c7 Rc1 69. Nc5 f4 70. c8=Q Rd1+ 71. Kc6 Re1 72.
Qf8+ Kg5 73. Nd3 Re6+ 74. Kd5 Rf6 75. Qg7+ Kf5 76. Nxf4 Rb6 77. Nd3 Rf6 78. Qh7+
Kg5 79. a5 Rf5+ 80. Ne5 Kf4 81. Qh4+ Ke3 82. Qe4+ 1-0

[Event "World Blitz Women 2025"]
[Site "Doha QAT"]
[Date "2025.12.29"]
[Round "2.26"]
[White "Kamalidenova, Meruert"]
[Black "Charvi A"]
[Result "0-1"]
[WhiteTitle "IM"]
[BlackTitle "WFM"]
[WhiteElo "2366"]
[BlackElo "2270"]
[WhiteFideId "13712802"]
[BlackFideId "25165518"]
[EventDate "2025.12.29"]

1. e4 c5 2. Nf3 d6 3. d4 cxd4 4. Nxd4 Nf6 5. Nc3 a6 6. f4 e5 7. Nb3 Nbd7 8. f5
Be7 9. g4 h6 10. Be3 b5 11. Bg2 Bb7 12. a3 Rc8 13. Nd2 Nb6 14. h3 d5 15. Bxb6
Qxb6 16. exd5 Rd8 17. Nb3 b4 18. axb4 Bxb4 19. Qe2 O-O 20. Qf2 Qc7 21. O-O Bxc3
22. bxc3 Nxd5 23. Nc5 Ba8 24. Nxa6 Qxc3 25. Qf3 Ne3 26. Qg3 Bxg2 27. Rfe1 Bb7
28. Qxe3 Qc6 29. Qe2 Qh1+ 30. Kf2 Qh2+ 31. Kf1 Qh1+ 32. Kf2 Qg2+ 33. Ke3 Qg3+ 0-1

[Event "World Blitz Women 2025"]
[Site "Doha QAT"]
[Date "2025.12.29"]
[Round "2.27"]
[White "Buksa, Nataliya"]
[Black "Iudina, Veronika"]
[Result "1-0"]
[WhiteTitle "IM"]
[BlackTitle "WFM"]
[WhiteElo "2397"]
[BlackElo "2204"]
[WhiteFideId "14123622"]
[BlackFideId "24277916"]
[EventDate "2025.12.29"]

1. d4 Nf6 2. Nf3 e6 3. e3 d5 4. Bd3 c5 5. b3 Nc6 6. Bb2 cxd4 7. exd4 Bd6 8. O-O
O-O 9. Nbd2 Qc7 10. a3 b6 11. Re1 a5 12. Ne5 Ba6 13. Ndf3 Bxd3 14. cxd3 Ne7 15.
Rc1 Qb7 16. Re2 Rac8 17. Rec2 Rxc2 18. Rxc2 Rc8 19. h3 Rc7 20. Rxc7 Qxc7 21. Ng5
Ng6 22. Ngxf7 Bf8 23. Nxg6 Qxf7 24. Ne5 Qc7 25. Qc1 Qe7 26. Qc6 Nh5 27. g3 Qf6
28. Qxb6 h6 29. Qc7 Qf5 30. Kg2 g5 31. Qd8 Kh7 32. Qd7+ Bg7 33. Qf7 Nf6 34. Bc1
h5 35. Be3 g4 36. hxg4 hxg4 37. b4 axb4 38. axb4 Kh8 39. b5 Qh7 40. Ng6+ 1-0

[Event "World Blitz Women 2025"]
[Site "Doha QAT"]
[Date "2025.12.29"]
[Round "2.28"]
[White "Sawan, Eman"]
[Black "Omonova, Umida"]
[Result "0-1"]
[WhiteTitle "WFM"]
[BlackTitle "WIM"]
[WhiteElo "1960"]
[BlackElo "2294"]
[WhiteFideId "11511729"]
[BlackFideId "14210363"]
[EventDate "2025.12.29"]

1. e4 c5 2. Nf3 e6 3. d3 Nc6 4. g3 g6 5. Bg2 Bg7 6. O-O Nge7 7. c3 d5 8. Qe2 O-O
9. Nbd2 b6 10. Re1 Ba6 11. h4 dxe4 12. Nxe4 Bxd3 13. Qd2 Bxe4 14. Rxe4 Qxd2 15.
Bxd2 Rad8 16. Bf4 Rd7 17. Re2 Rfd8 18. Rae1 h6 19. g4 Nd5 20. Bg3 Nf6 21. g5
hxg5 22. hxg5 Nh5 23. Bh2 Ne7 24. Ne5 Rd1 25. Bf3 Rxe1+ 26. Rxe1 Rd2 27. Re2
Rd1+ 28. Kg2 Nd5 29. Bxh5 gxh5 30. Nc6 a5 31. Bg3 a4 32. g6 h4 33. gxf7+ Kxf7
34. Bb8 Ne7 35. Ne5+ Bxe5 36. Bxe5 Nf5 37. b3 axb3 38. axb3 Rb1 39. f4 Rxb3 40.
Ra2 Kg6 41. Ra8 Rb1 42. Rg8+ Kf7 43. Rb8 b5 44. Rb7+ Ke8 45. Rb6 Kd7 46. Rb7+
Kc6 47. Rb8 Kd5 48. Rd8+ Ke4 49. Rc8 b4 50. Rxc5 b3 51. Rc4+ Kd3 52. Rb4 b2 53.
c4 Ne3+ 54. Kh3 Rh1# 0-1

[Event "World Blitz Women 2025"]
[Site "Doha QAT"]
[Date "2025.12.29"]
[Round "2.29"]
[White "Lei, Tingjie"]
[Black "Druzhinina, Olga"]
[Result "1-0"]
[WhiteTitle "GM"]
[BlackTitle "WFM"]
[WhiteElo "2569"]
[BlackElo "2175"]
[WhiteFideId "8605114"]
[BlackFideId "4141911"]
[EventDate "2025.12.29"]

1. e4 c5 2. Nf3 d6 3. Bb5+ Nd7 4. O-O a6 5. Bd3 Ngf6 6. Re1 e6 7. c3 b5 8. Bc2
c4 9. d4 cxd3 10. Qxd3 Nc5 11. Qe2 Bb7 12. Nbd2 Be7 13. Nd4 O-O 14. f3 Qc7 15.
Nf1 Rfe8 16. Ng3 Rac8 17. Kh1 Ncd7 18. Bd2 Ne5 19. b3 Nc6 20. Rac1 Qb6 21. Be3
Qa5 22. Bb1 Ne5 23. f4 Ned7 24. Bd2 Qb6 25. e5 dxe5 26. fxe5 Nd5 27. Nh5 g6 28.
Rf1 b4 29. Qf2 Rf8 30. c4 Nc7 31. Nf6+ Nxf6 32. exf6 Bd6 33. Qh4 Rfd8 34. Be3
Bf8 35. Nf5 Qc6 36. Qg3 exf5 37. Bxf5 Rb8 38. Bf4 Bd6 39. Bxd6 Qxd6 40. Qh4 Ne8
41. Rce1 Qc6 42. Be4 Qc7 43. Bxb7 Qxb7 44. Rxe8+ Rxe8 45. Qh6 1-0

[Event "World Blitz Women 2025"]
[Site "Doha QAT"]
[Date "2025.12.29"]
[Round "2.30"]
[White "Mammadova, Gulnar"]
[Black "Ju, Wenjun"]
[Result "0-1"]
[WhiteTitle "IM"]
[BlackTitle "GM"]
[WhiteElo "2330"]
[BlackElo "2565"]
[WhiteFideId "13403508"]
[BlackFideId "8603006"]
[EventDate "2025.12.29"]

1. e4 e6 2. d4 d5 3. Nc3 Nf6 4. e5 Nfd7 5. f4 c5 6. Nf3 Nc6 7. Be3 a6 8. Ne2 Qb6
9. Qc1 f6 10. c3 Be7 11. h4 O-O 12. Kf2 fxe5 13. dxe5 Ndxe5 14. fxe5 Nxe5 15.
Nf4 Ng4+ 16. Kg1 Bd6 17. Bd3 Nxe3 18. Qxe3 Bxf4 19. Qf2 e5 20. g3 Bh6 21. Rf1 e4
22. Be2 Be6 23. g4 Bxg4 24. b4 Bxf3 0-1

[Event "World Blitz Women 2025"]
[Site "Doha QAT"]
[Date "2025.12.29"]
[Round "2.31"]
[White "Luong Phuong Hanh"]
[Black "Goryachkina, Aleksandra"]
[Result "0-1"]
[WhiteTitle "WIM"]
[BlackTitle "GM"]
[WhiteElo "2236"]
[BlackElo "2534"]
[WhiteFideId "12401013"]
[BlackFideId "4147103"]
[EventDate "2025.12.29"]

1. Nf3 d5 2. d4 Nf6 3. g3 e6 4. Bg2 Be7 5. O-O O-O 6. c4 dxc4 7. Qc2 a6 8. a4
Bd7 9. Qxc4 Bc6 10. Bf4 Nbd7 11. Rd1 Bd6 12. Qc1 Qe7 13. Nc3 h6 14. Bxd6 cxd6
15. Qc2 Rac8 16. Qd3 Bxf3 17. Bxf3 d5 18. a5 Qb4 19. Qd2 Qd6 20. Rac1 Rc4 21. e4
dxe4 22. Nxe4 Nxe4 23. Bxe4 Rb4 24. Qc3 Nf6 25. Bg2 Rd8 26. Qc2 Rb5 27. Qc3 Nd5
28. Qd2 Qb4 29. Qd3 Qxa5 30. Bf1 Rxb2 31. Qf3 Qb6 32. Bd3 Rb3 33. Rc5 Nf6 34.
Qe2 Rb4 35. Rdc1 Rbxd4 36. Bb1 Rd1+ 37. Rxd1 Rxd1+ 38. Qxd1 Qxc5 39. Qd8+ Qf8
40. Qc7 Qa8 41. Qa5 b5 42. Bd3 Qd5 43. Qc3 Qd8 44. Qa3 g6 45. Be2 Qc8 46. h4 h5
47. Qf3 Kg7 48. Qa3 Qc6 49. Bf1 Qb6 50. Qb3 b4 51. Qa4 a5 52. Bc4 Ne4 53. Qa1+
Nf6 54. Qa2 Qc5 55. Qc2 a4 56. Qe2 b3 57. Bd3 a3 58. Qd1 a2 0-1

[Event "World Blitz Women 2025"]
[Site "Doha QAT"]
[Date "2025.12.29"]
[Round "2.32"]
[White "Garifullina, Leya"]
[Black "Girya, Olga"]
[Result "1-0"]
[WhiteTitle "IM"]
[BlackTitle "GM"]
[WhiteElo "2454"]
[BlackElo "2398"]
[WhiteFideId "34127035"]
[BlackFideId "4195752"]
[EventDate "2025.12.29"]

1. e4 e5 2. Nf3 Nc6 3. Bb5 a6 4. Ba4 Nf6 5. d3 Bc5 6. O-O d6 7. h3 O-O 8. c3 h6
9. Re1 b5 10. Bb3 Re8 11. a4 Rb8 12. axb5 axb5 13. Nbd2 b4 14. Nf1 bxc3 15. bxc3
Bb6 16. Ng3 Be6 17. Ba4 Bd7 18. Bb3 Be6 19. Bxe6 Rxe6 20. d4 exd4 21. cxd4 d5
22. e5 Ne4 23. Nh5 Ne7 24. Be3 Ng6 25. Rc1 Ra8 26. Qc2 Qd7 27. Ra1 Ree8 28. Rxa8
Rxa8 29. Nf4 Nxf4 30. Bxf4 Qa4 31. Qxa4 Rxa4 32. Be3 Kf8 33. Rd1 Ke7 34. g4 Ke6
35. Kg2 Ra2 36. Rb1 Ra3 37. Nh4 Ra4 38. Rd1 g6 39. Nf3 Ra2 40. Rb1 h5 41. Rd1
hxg4 42. hxg4 Ra4 43. Rb1 Ra2 44. Rh1 Ra3 45. Rh7 Ra2 46. Rh8 Kd7 47. Rf8 Ke7
48. Rb8 Kd7 49. Ng1 Rb2 50. Nh3 Ra2 51. Nf4 c6 52. Rxb6 1-0

[Event "World Blitz Women 2025"]
[Site "Doha QAT"]
[Date "2025.12.29"]
[Round "2.33"]
[White "Kaliakhmet, Elnaz"]
[Black "Muzychuk, Anna"]
[Result "0-1"]
[WhiteTitle "WIM"]
[BlackTitle "GM"]
[WhiteElo "2329"]
[BlackElo "2518"]
[WhiteFideId "13730169"]
[BlackFideId "14111330"]
[EventDate "2025.12.29"]

1. d4 d5 2. c4 e6 3. Nf3 Nf6 4. Nc3 c5 5. cxd5 cxd4 6. Qxd4 exd5 7. e4 dxe4 8.
Qxd8+ Kxd8 9. Ng5 Be6 10. Nxe6+ fxe6 11. Bg5 h6 12. Bxf6+ gxf6 13. O-O-O+ Ke7
14. Nxe4 Bg7 15. Kb1 f5 16. Ng3 Nc6 17. Bc4 Rhd8 18. Rhe1 Rxd1+ 19. Rxd1 Nd4 20.
Nh5 Be5 21. Re1 Kd6 22. f4 Bh8 23. Ng3 Rc8 24. Bd3 Rg8 25. Bc4 Rg4 26. Rf1 h5
27. Rf2 h4 28. Ne2 Nc6 29. Nc3 Bxc3 30. bxc3 Ne7 31. Kc2 Ng6 32. Rd2+ Ke7 33.
Bb5 a6 34. Be2 Rxf4 35. Bf3 b6 36. Bb7 a5 37. g3 hxg3 38. hxg3 Ra4 39. Kb3 Rg4
40. Rd3 Ne5 41. Re3 Nc4 42. Re2 Nd6 43. Bd5 Rg6 44. Re3 Kd7 45. Bg2 Rg4 46. Bh3
Re4 47. Rd3 Kc7 48. Bg2 Re5 49. Bf3 Ne8 50. g4 fxg4 51. Bxg4 Nf6 52. Bh3 Nd7 53.
Rg3 Nc5+ 54. Kc4 Re2 55. Rg7+ Kd6 56. Rg2 Rxg2 57. Bxg2 Kc7 58. Kd4 Kd6 59. Kc4
Nd7 60. Bh3 Kc6 61. Bxe6 Ne5+ 62. Kb3 Kc5 63. Bg8 Nf3 64. a4 Nd2+ 65. Kc2 Ne4
66. Kb3 Kc6 67. Bh7 Nc5+ 68. Ka3 Kd5 69. Bg8+ Ke4 70. Bh7+ Ke3 71. Bg6 Kd2 72.
Kb2 Nxa4+ 73. Kb3 Nxc3 74. Be8 Kd3 75. Bg6+ Kd4 76. Be8 Nd5 77. Ka4 Kc5 78. Bd7
Nc3+ 79. Kb3 Nb5 80. Ka4 Nc7 81. Bh3 Ne8 82. Bd7 Nd6 83. Be6 Nb7 84. Bd7 Kd6 85.
Be8 Kc7 86. Bh5 Nd6 87. Be2 Kb7 88. Bf3+ Ka6 89. Be2+ b5+ 90. Kb3 Kb6 91. Bf3
Kc5 92. Bh5 a4+ 93. Ka3 Nc4+ 94. Ka2 b4 95. Bd1 Kb5 96. Be2 b3+ 97. Kb1 Kb4 98.
Bh5 a3 99. Bf7 a2+ 100. Ka1 Ka3 0-1

[Event "World Blitz Women 2025"]
[Site "Doha QAT"]
[Date "2025.12.29"]
[Round "2.34"]
[White "Dwilewicz, Katarzyna"]
[Black "Muzychuk, Mariya"]
[Result "0-1"]
[WhiteTitle "WFM"]
[BlackTitle "GM"]
[WhiteElo "2185"]
[BlackElo "2475"]
[WhiteFideId "1148486"]
[BlackFideId "14114550"]
[EventDate "2025.12.29"]

1. e4 c5 2. Nf3 Nc6 3. d4 cxd4 4. Nxd4 Nf6 5. Nc3 e5 6. Ndb5 d6 7. Bg5 a6 8. Na3
b5 9. Bxf6 gxf6 10. Nd5 f5 11. g3 fxe4 12. Bg2 Bg7 13. Bxe4 Be6 14. c3 O-O 15.
O-O f5 16. Bg2 Rb8 17. Nc2 Ne7 18. Ncb4 Nxd5 19. Bxd5 Qd7 20. Bxe6+ Qxe6 21.
Nxa6 Rbc8 22. Nb4 Rc5 23. a4 bxa4 24. Qxa4 f4 25. Qa2 d5 26. Rad1 f3 27. Nxd5
Kh8 28. Kh1 Qh3 29. Rg1 Rc6 30. Qa4 Rh6 0-1

[Event "World Blitz Women 2025"]
[Site "Doha QAT"]
[Date "2025.12.29"]
[Round "2.35"]
[White "Arabidze, Meri"]
[Black "Nguyen Hong Nhung"]
[Result "1/2-1/2"]
[WhiteTitle "IM"]
[BlackTitle "FM"]
[WhiteElo "2413"]
[BlackElo "2268"]
[WhiteFideId "13604040"]
[BlackFideId "12412201"]
[EventDate "2025.12.29"]

1. Nf3 f5 2. d4 Nf6 3. c4 g6 4. g3 Bg7 5. Bg2 O-O 6. O-O d6 7. b4 Ne4 8. Bb2 Qe8
9. Nc3 c6 10. Qc2 Nxc3 11. Bxc3 e5 12. dxe5 dxe5 13. e4 f4 14. c5 Bg4 15. a3 Nd7
16. Nd2 f3 17. Bh1 g5 18. Qd3 Qh5 19. Nxf3 Bxf3 20. Bxf3 Qxf3 21. Qxd7 Qxc3 22.
Qxb7 a5 23. Rab1 axb4 24. axb4 Rab8 25. Qxc6 Rxb4 26. Rxb4 Qxb4 27. Qd5+ Kh8 28.
c6 Qd4 29. Kg2 g4 30. h3 gxh3+ 31. Kxh3 Qc3 32. Kg2 Qf3+ 33. Kg1 h5 34. c7 h4
35. Qd8 hxg3 36. c8=Q gxf2+ 37. Kh2 Qf4+ 38. Kg2 Qxe4+ 39. Kh2 Qf4+ 40. Kg2 Qf3+
41. Kh2 Qf4+ 42. Kg2 Qf3+ 43. Kh2 Qf4+ 1/2-1/2